=LDR 00000nam 2200000 4500 =001 INLIS000000000019339 =005 20130612114418 =008 ***********************************Ind** =035 ##$$0010-061300000019339 =041 ##$$a Ind =082 ##$$a 028.5 =090 ##$$a 028.5, Kha c =100 ##$$a Khaidir, Muhammad =245 ##$$a Cerita seorang kadi, Muhammad Chaidir =260 ##$$a 2006 $b Mataram =300 ##$$a 30 hlm, ilus, 21 cm =650 ##$$a Bacaan anak-anak =850 ##$$a NBPNMAT